<?xml version="1.0" encoding="UTF-8"?>
<collection xmlns="http://www.loc.gov/MARC21/slim">
  <record>
    <leader>00000nam  2200000   4500</leader>
    <controlfield tag="001">INLIS000000000018651</controlfield>
    <controlfield tag="005">20241204085917</controlfield>
    <datafield tag="035" ind1="#" ind2="#">
      <subfield code="a">0010-1224000022</subfield>
    </datafield>
    <controlfield tag="007">ta</controlfield>
    <controlfield tag="008">241204###########################0######</controlfield>
    <datafield tag="245" ind1="#" ind2="#">
      <subfield code="a">PETA PERATUN :</subfield>
      <subfield code="b">Peningkatan Pengetahuan Dan Keterampilan Mahasiswa Dalam Praktek Peradilan Tata Usaha Negara /</subfield>
      <subfield code="c">Dr. Risman Setiawan, S.H.,M.H</subfield>
    </datafield>
    <datafield tag="260" ind1="#" ind2="#">
      <subfield code="a">Makassar :</subfield>
      <subfield code="b">Puslatbang KMP RI LAN Makassar,</subfield>
      <subfield code="c">2024</subfield>
    </datafield>
    <datafield tag="300" ind1="#" ind2="#">
      <subfield code="a">38 ;</subfield>
      <subfield code="c">30</subfield>
    </datafield>
    <datafield tag="650" ind1="#" ind2="4">
      <subfield code="a">Peningkatan Pengetahuan Dan Keterampilan Mahasiswa Dalam Praktek Peradilan Tata Usaha Negara</subfield>
    </datafield>
    <datafield tag="700" ind1=" " ind2="#">
      <subfield code="a">Dr. Herman, S.H., LL.M (Mentor)</subfield>
    </datafield>
    <datafield tag="700" ind1=" " ind2="#">
      <subfield code="a">Muskamal, S.Sos., M.Si (Coach)</subfield>
    </datafield>
    <datafield tag="520" ind1="#" ind2="#">
      <subfield code="a">UU NO. 20 Tahun 2023 Tentang ASN mengamanatkan instansi Pemerintah wajib memberikan Pendidikan dan pelatihan terintegrasi bagi CPNS selama satu tahun percobaan. Tujuannya untuk membangun integritas moral, kejujuran, semangat, motivasi Nasionalisme dan professional/kompeten di bidangnya.&#13;
&#13;
Dalam membentuk PNS yang professional maka perlu dibekali dengan nilai dasar ASN BerAKHLAK dan pengetahuan tentang Manajemen ASN dan SMART ASN.&#13;
&#13;
Sebagai seorang calon PNS dengan profesi dosen pada unit kerja Fakultas Hukum Universitas Halu Oleo yang sedang menjalani latihan dasar, maka dituntut agar dapat membuat rancangan aktualisasi yang mengimplementasikan nilai-nilai dasar ASN BerAKHLAK dalam menjalankan tugas dan fungsinya yang salah satunya dibidang pendidikan adalah mengembangkan bahan kuliah. Pengembangan bahan kuliah tersebut sejalan dengan salah satu misi Fakultas Hukum Universitas Halu Oleo yaitu menyelenggarakan pengembangan A potensi mahasiswa di bidang penalaran yang mendukung kecerdasan di bidang ilmu dan penegakan hukum.&#13;
&#13;
Untuk mendukung hal tersebut salah satu bahan kuliah yang harus dikembangkan adalah buku panduan praktek peradilan tata usaha negara sebagai mata kulaih yang memadukan teori dan kemampuan praktik dalam penegakkan hukum.</subfield>
    </datafield>
    <datafield tag="856" ind1="#" ind2="#">
      <subfield code="a">PUSLATBANG KMP LAN RI Makassar</subfield>
    </datafield>
  </record>
</collection>
